000 02458nam a22003737a 4500
999 _c21864
_d21864
003 AR-CdUCM
008 190425b ||||| |||| 00| 0 spa d
040 _aMUNICIPALIDAD PROVINCIAL DEL CUSCO
_cBIBLIOTECA MUNICIPAL DEL CUSCO
082 _aRev.DIMA/N°12/1948
110 _aInstituto y Museo Arqueológico de la Universidad Nacional del Cuzco
_946550
245 _aRevista del Instituto y Museo Arqueológico /
_cLuis A. Pardo, director, Universidad Nacional del Cuzco
260 _aCusco :
_bH.G. Rozas,
_c1948.
300 _a164 [22] páginas. :
_bilustraciones ;
_c21 cm.
440 _aRevista del Instituto y Museo Arqueológico.
_nAño VII, 1948. N°12.
_946551
500 _aEdición conmemorativa del primer centenario de la fundación del museo.
505 _aContenido: Dos fortalezas antiguas poco conocidas. Luis A. Pardo. -- Elementos componentes de la decoración en ceramios incaicos. Fritz Buck. -- Economía y Derecho. Luis E. Valcárcel .-- Los primeros años del Museo Arqueológico de la Universidad del Cuzco. Alberto A. Giesecke. -- Tomasa Ttito Condemaita. Jorge Cornejo Bouroncle. -- Los padres Betlemitas del Cuzco y la rebelión de Tupac Amaru. Horacio Villanueva. -- Algunos aspectos etnológicos del Distrito de Chinchero, Ollantaitampu y Ollantai. Alfredo Yépez Miranda. -- Primer centenario del Museo Arqueológico de la Universidad del Cuzco. Luis A. Pardo. -- Machupijchu. Felipe Cossío del Pomar. -- Cuzco Capital Arqueológica de Sudamérica. Héctor Greslebin. -- Una despedida en Chachacomayocc. Ángel Carreño. -- Texto oficial de la consagración del Cuzco como capital Arqueológica. Feliz Cosió. -- Crónica. -- Exposición de los especímenes más importantes del Museo Arqueológico de la Universidad del Cuzco.
650 _aArqueología cusqueña
_99322
650 _aArquitectura Inka
_945226
650 _aInkas
_91899
650 _aHistoria del Cusco
_91714
650 _aTradiciones cusqueñas
_931110
700 _aPardo, Luis A
_925736
700 _aValcárcel, Luis
_98720
700 _aCornejo Bouroncle, Jorge
_915278
700 _aVillanueva Urteaga, Horacio
_95790
700 _aGiesecke, Alberto
_945776
700 _aCossío del Pomar, Felipe
_92452
700 _aCosio, Félix
_945955
700 _aFuentes Díaz, Guillermo
_946552
700 _aCarreño, Ángel
_927901
710 _aUniversidad Nacional de San Antonio Abad del Cusco
_915942
942 _2ddc
_cPP
945 _arac